00466nam a22001577a 450000500170000001000150001702000260003203500140005803700090007208200120008110000180009324500460011126000500015727000810020730000200028820240418154522.0 aENG-140202 c810.00a9789388604369 aEN-123734 bDBAD a954.082 aJha, Surendra aInterpreting 18th Century/cSurendra Jha  aNew Delhi bAyushman Publication House c2019 a352/D-2 Ajeet Bhawan Munirka Near : JNU Main Gait New Delhi bDelhi e110067 a269p.c23cm(hb)